| 000 | 00683nam a2200241 i 4500 | ||
|---|---|---|---|
| 001 | bg | ||
| 100 | 1 |
_aSYLWESTRZAK, Hubert. _d(1933-2009). |
|
| 245 | 1 | 0 |
_aFluoryt : _bod rzymskiej wazy do hutniczego pieca / _c[Hubert Sylwestrzak]. |
| 260 |
_aWarszawa : _bPańst. Instytut Geologiczny, _c1997. |
||
| 300 |
_a13 s. : _brys. ; _c19 cm. |
||
| 490 | 1 |
_a[Minerały] ; _vz.13 |
|
| 500 | _aNazwa aut. na okł. | ||
| 650 | 9 | _aMinerały | |
| 830 | 0 |
_aMinerały, _x1933-2009 ; _vz. 13 |
|
| 830 | _a[Minerały] ; | ||
| 020 | _a8386986204 | ||
| 040 | _cBPK | ||
| 041 | 0 | _apl | |
| 080 | _a553:549 | ||
| 920 | _a83-86986-20-4 | ||
| 942 | _cKS | ||
| 008 | s pl f |000 0 pol | ||
| 999 |
_c33951 _d33951 |
||
| 856 |
_uhttp://koha.tu.koszalin.pl/cgi-bin/koha/opac-detail.pl?biblionumber=33951 _yKatalog online BPK |
||